00886 2200277 4500001002100000005001500021035002000036007000300056008004100059020001800100082001000118084001600128100003100144245013200175250001200307300004300319650001500362650001700377700003800394700003600432264005300468336002100521337003000542338002300572990001300595INLIS00000000111868720220530104632 a0010-0422000167ta220530 0 ind a9786020524641 a613.7 a613.7 OLI n0 aOlivia ZaliantyePengarang1 a#Nggakperludiet :bUntuk Menjadi Langsing, Sehat dan Awet Muda /cOlivia Zalianty, Linda Irawati (Editor), Lin Susanto (Editor) aedisi 1 axiv, 171 halaman :bilustrasi ;c20 cm 4aDiet sehat 4aHealthy diet0 aLinda Irawati (Editor)ePengarang0 aLin Susanto (Editor)ePengarang aJakarta :bGramedia Widiasarana Indonesia,c2020 2rdacontentaTeks 2rdamediaaTanpa Perantara 2rdacarrieraVolume a21/00950